[Event "Agzamov Memorial 09th"]
[Site "Tashkent"]
[Date "2015.03.11"]
[Round "1"]
[White "Korneev, Oleg"]
[Black "Fedyashin, Sergey"]
[Result "1-0"]
[WhiteElo "2600"]
[BlackElo "2047"]
[PlyCount "69"]
[EventDate "2015.03.11"]
[EventType "swiss"]
[EventRounds "9"]
[EventCountry "UZB"]
[SourceTitle "CBM 165 Extra"]
[Source "ChessBase"]
[SourceDate "2015.04.21"]
[SourceVersion "1"]
[SourceVersionDate "2015.04.21"]
[SourceQuality "1"]

1. e4 e6 2. d4 d5 3. Nc3 Bb4 4. e5 c5 5. a3 Ba5 6. b4 cxb4 7. Nb5 Nc6 8. Nf3 Nh6 9. Nd6+ Kf8 10. Bd3 b3+ 11. Bd2 bxc2 12. Qxc2 Bxd2+ 13. Kxd2 g6 14. Ke2 Kg7 15. Rab1 Qe7 16. Rhe1 Nf5 17. Bxf5 gxf5 18. Qd2 Rd8 19. Qf4 h6 20. g4 Kh7 21. g5 Nxd4+ 22. Qxd4 hxg5 23. Nxf7 g4 24. N3g5+ Kg6 25. h4 Rf8 26. h5+ Kg7 27. h6+ Kg6 28. h7 b6 29. Rh1 Ba6+ 30. Kd2 Kg7 31. Qa4 Bc4 32. Qc6 Rae8 33. Qd6 Rxf7 34. h8Q+ Rxh8 35. Nxe6+ 1-0